The social worker and psychotropic medication (Record no. 1459243)

MARC details
000 -LEADER
fixed length control field 00614nam a2200217Ia 4500
005 - DATE AND TIME OF LATEST TRANSACTION
control field 20250923150054.0
008 - FIXED-LENGTH DATA ELEMENTS--GENERAL INFORMATION
fixed length control field 008 250917s9999 xx 000 0 eng d
037 ## - SOURCE OF ACQUISITION
Stock number Textual
040 ## - CATALOGING SOURCE
Original cataloging agency DSWL
Language of cataloging eng
Transcribing agency DSWL
041 ## - LANGUAGE CODE
Language code of text/sound track or separate title eng
Source of code eng
084 ## - COLON CLASSIFICATION NUMBER
Classification number YX;6-L8, PO1
Assigning agency DSWL
100 ## - MAIN ENTRY--PERSONAL NAME
Personal name Bentley, K. J.
9 (RLIN) 841911
245 #4 - TITLE STATEMENT
Title The social worker and psychotropic medication
Statement of responsibility, etc. by K. J. Bentley
260 ## - PUBLICATION, DISTRIBUTION, ETC.
Place of publication, distribution, etc. Belmont
Name of publisher, distributor, etc. Books Cole
Date of publication, distribution, etc. 2001
300 ## - PHYSICAL DESCRIPTION
Extent 305p.
365 ## - TRADE PRICE
Price type code INR
Price amount 2296.8
700 ## - ADDED ENTRY--PERSONAL NAME
Personal name J Walsh
9 (RLIN) 841912
925 ## -
-- 2296.8
942 ## - ADDED ENTRY ELEMENTS (KOHA)
Koha item type Textual
Classification part YX;6-L8, PO1
Holdings
Withdrawn status Lost status Damaged status Not for loan Home library Current library Date acquired Total Checkouts Full call number Barcode Date last seen Price effective from Koha item type
        Department of Social Work Library Department of Social Work Library 2025-09-23   YX;6-L8, PO1 SW0027732 2025-09-23 2025-09-23 Textual
Copyright @ Delhi University Library System